Options for Change. (Record no. 73569)

MARC details
000 -LEADER
fixed length control field 01143cam a2200217 4500
001 - CONTROL NUMBER
control field WB3938-17
008 - FIXED-LENGTH DATA ELEMENTS--GENERAL INFORMATION
fixed length control field 031008n2003 000 0 eng u
035 ## - SYSTEM CONTROL NUMBER
System control number (Sirsi) u123869
245 ## - TITLE STATEMENT
Title Options for Change.
260 ## - PUBLICATION, DISTRIBUTION, ETC.
Date of publication, distribution, etc. 2003
490 ## - SERIES STATEMENT
Series statement Planning (for the Natural and Built Environment)
Volume/sequential designation 3 October 2003, 2(1)
520 ## - SUMMARY, ETC.
Summary, etc. A report to the Scottish Executive Development Department on the content of a possible planning bill has been submitted. Options for change include third party rights of appeal and a statutory purpose for planning. Also included is a recommendation that a proposal from the 1999 Royal Commission report on environmental pollution be considered. Also included are suggestions that planning should promote sustainable development.
590 ## - LOCAL NOTE (RLIN)
Local note WB
650 ## - SUBJECT ADDED ENTRY--TOPICAL TERM
Topical term or geographic name entry element SCOTLAND
650 ## - SUBJECT ADDED ENTRY--TOPICAL TERM
Topical term or geographic name entry element PLANNING
650 ## - SUBJECT ADDED ENTRY--TOPICAL TERM
Topical term or geographic name entry element SUSTAINABLE DEVELOPMENT
650 ## - SUBJECT ADDED ENTRY--TOPICAL TERM
Topical term or geographic name entry element THIRD PARTY RIGHTS
690 ## - LOCAL SUBJECT ADDED ENTRY--TOPICAL TERM (OCLC, RLIN)
Topical term or geographic name as entry element ENVIRONMENTAL AND LAND CONSULTANCY-PLANNING AND DEVELOPMENT
856 ## - ELECTRONIC LOCATION AND ACCESS
Uniform Resource Identifier <a href="https://www.scotland.gov.uk/library5/devlopment/opfc-00.asp">https://www.scotland.gov.uk/library5/devlopment/opfc-00.asp</a>
Public note A full copy of the report can be viewed at the Scottish Executive website...
942 ## - ADDED ENTRY ELEMENTS (KOHA)
Suppress in OPAC 0
Holdings
Withdrawn status Lost status Source of classification or shelving scheme Damaged status Not for loan Home library Current library Shelving location Date acquired Total Checkouts Full call number Barcode Date last seen Copy number Price effective from Koha item type
    Dewey Decimal Classification     London London News article 08/10/2003   WB3938-17 123869-1001 06/08/2019 1 06/08/2019 News article